University Constituencies of the British Empire - Statistics

General Stats
  • This quiz has been taken 45 times
  • The average score is 13 of 21
Answer Stats
Date Answer % Correct
1603–1707 University of Oxford
100%
1603–1707 University of Cambridge
97%
1 University of Edinburgh
88%
1 University of Glasgow
88%
1613–1800 University of Dublin
85%
1 University of Manchester
74%
1 University of St Andrews
71%
1868–1950 London University
68%
1 University of Aberdeen
68%
1 University of Liverpool
68%
1 University of Leeds
65%
1876–1880 University of Sydney
65%
1 University of Birmingham
62%
1 University of Bristol
62%
1 University of Sheffield
59%
1918–1950 Queen's University of Belfast
47%
1 University of Durham
44%
1918–1950 University of Wales
35%
1693–1776 College of William and Mary in Virginia
32%
1 University of Reading
15%
1918–1922 National University of Ireland
12%
No matching quizzes found
Score Distribution
Percent of People with Each Score
Percentile by Number Answered
Your Score History
You have not taken this quiz